| 000 | 02010ncm0a2200361 4500 | ||
|---|---|---|---|
| 001 | RU\NLR\ONIZ\216591 | ||
| 005 | 20250626062300.0 | ||
| 021 |
_aRU _b06-419 _906-18 |
||
| 035 | _a(NLR Aleph) 011414112 | ||
| 090 |
_a11573669 _c11573669 |
||
| 100 | _a20170306d2006 |||y0rusy50 ca | ||
| 101 | 0 | _arus | |
| 102 | _aRU | ||
| 125 | _azx | ||
| 145 | 0 | _ab | |
| 200 | 1 |
_aДетский оркестр _bНоты _eучеб.-метод. материалы по спец. "031200-Педагогика и методика нач. образования" с доп. спец. "030700-Муз. образование" _fН. Н. Родионов |
|
| 210 |
_aСтерлитамак _cСтерлитамакская гос. пед. акад. _d2006 |
||
| 215 |
_a172 с. _d29 см |
||
| 313 | _aСистематизация документа проведена по изданию - Методика классифицирования музыкальных произведений (нотных изданий) по таблицам Библиотечно-библиографических классификаций : метод. рекомендации / Гос. б-ка СССР им. В.И. Ленина.- М., 1977. Индексу ББК методических рекомендаций присваивается код ББК для научных библиотек - LBC/SL | ||
| 606 | 1 |
_aДетский оркестр _yРоссия _zXX-XXI в. _jНоты _2nlr_sh |
|
| 686 |
_aЩ98я7(2Р) _vLBC/SL _2rubbk |
||
| 686 |
_aЩ985.0(2Р) _vLBC/SL _2rubbk |
||
| 700 | 1 |
_9z02790 _aРодионов _bН. Н. _gНиколай Николаевич _4070 |
|
| 790 | 1 |
_9z02700 _aRodionov _bN. N. _gNikolaj Nikolaevich _4070 |
|
| 801 | 0 |
_aRU _bNLR _c20170306 _gPSBO |
|
| 801 | 1 |
_aRU _bNLR _c20170306 _2rusmarc |
|
| 801 | 2 |
_aRU _bNLR _c20190630 |
|
| 852 |
_aNLR _bМ _jК-3/24758 _pМОЭ 2006-18/419 _t1 |
||
| 852 |
_aNLR _bМ _jК-3/24758а _pМОЭ 2006-18/419а _t2 |
||
| 942 | _cSCORE | ||
| 980 | _aNB | ||
| 980 | _aONIZ | ||